000 00870 a2200193 4500
003 NUST
005 20251119134616.0
040 _cNust
082 _a621.382,IFT
100 _aIftikhar , Capt Hassan (TCC-16)
_9131953
245 _aIntegrated services over packet networks /
_cCapt Hassan Iftikhar , Capt Imran Haider , Capt Imran Javed and Capt Muhammad Naeem Khan
260 _aRawalpindi
_bMCS (NUST)
_c2008
300 _a91 p.;
505 _aIntroduction (Page-8), A Telephony Revolution (Page-11), Preparing A System for Asterisk (Page-15), Asterisk (Page-25), Initial Configuration OS Asterisk (Page-38), Dialplan Basic (Page-49), Protocols (Page-73), Managing our Asterisk System (Page-82), References (Page-91).
650 _aUG Projects
_998716
651 _aTCC-16
_9131947
700 _aSupervised by Maj Athar Mohsin Zaidi
_9131954
942 _2ddc
_cPR
999 _c183794
_d183794